Largest World Football Stadiums - Statistics

General Stats
  • This quiz has been taken 12 times
  • The average score is 3 of 15
Answer Stats
Capacity City Answer % Correct
99,000 Barcelona Camp Nou
91%
90,000 London Wembley Stadium
73%
83,000 Madrid Bernabéu
36%
88,000 Mexico City Estadio Azteca
27%
95,000 Johannesburg FNB Stadium
27%
85,000 Buenos Aires Estadio Monumental
18%
113,000 Pyongyang Rungrado 1st of May Stadium
18%
92,000 Dallas Cotton Bowl
9%
89,000 Lusail Lusail Stadium
9%
85,000 Kolkata Salt Lake Stadium
9%
86,000 Alexandria Borg El Arab Stadium
0%
88,000 Kuala Lumpur Bukit Jalil National Stadium
0%
82,000 Jakarta Jakarta International Stadium
0%
94,000 The New Capital Misr Stadium
0%
83,000 Sydney Stadium Australia
0%
No matching quizzes found
Score Distribution
Percent of People with Each Score
Percentile by Number Answered
Your Score History
You have not taken this quiz